000 00542nam a2200193 i 4500
001 99566
003 ES-MaACL
005 20230906182522.0
007 t|
008 050913s1966 sp ||||1| spa d
080 _a821.134.2-31"19"
100 1 _aMartínez-Barbeito, Carlos,
_d1913-1997
_977884
245 1 3 _aEl bosque de Ancines /
_cCarlos Martínez-Barbeito.
250 _a[2ª ed.].
260 _aBarcelona :
_bDestino,
_c1966.
300 _a202 p. ;
_c19 cm.
852 _aES-MaACL
_jG-15764
_bR.59946
999 _c99566
_d99566